000 00436nam a22001577a 4500
999 _c3367
_d3367
008 200609b ||||| |||| 00| 0 eng d
082 0 0 _a744.4
_bZ79
100 _92813
_aZipprich, A. E.
245 1 0 _aFree hand drafting for technical sketching
_cby A. E. Zipprich
250 _a3rd ed.
260 _aNew York
_bD. Van Nostrand company; INC
_c1956
300 _aix,176p.
365 _d18.90
650 0 _aGeometrical Drawing
942 _cBK